| 000 | 00934nam a22002417a 4500 | ||
|---|---|---|---|
| 003 | NALT | ||
| 005 | 20210819123114.0 | ||
| 008 | s2519 th tha d | ||
| 040 | _aNALT | ||
| 041 | _atha | ||
| 050 | _aPL4159 ว6 2519 | ||
| 100 | 0 | _aวิจิตร ยอดสุวรรณ | |
| 245 | 1 | 0 |
_aรู้จักภาษาไทย / _cวิจิตร ยอดสุวรรณ |
| 260 | 3 |
_aกรุงเทพฯ : _bโอเดียนบุ๊คสโตร์, _c2519 |
|
| 300 |
_a124 หน้า ; _b 24 ซม. |
||
| 650 | 0 | 4 | _aภาษาไทย -- สำนวนโวหาร |
| 650 | 0 | 4 | _aภาษาไทย -- วิวัฒนาการ |
| 650 | 0 | 4 | _aภาษาไทย -- ราชาศัพท์ |
| 650 | 0 | 4 | _aภาษาไทย -- การเขียน |
| 650 | 0 | 4 | _aภาษาไทย -- การอ่าน |
| 850 | _aNALT | ||
| 942 |
_cGB _2lcc |
||
| 999 |
_c41441 _d41441 |
||
| 998 |
_j109 _k อารีรัตน์ วิชาช่าง |
||